|
|
|
|
| LEADER |
00000nam0a2200000 4500 |
| 001 |
355788 |
| 005 |
20231102010830.0 |
| 035 |
|
|
|a (RuTPU)RU\TPU\retro\13048
|
| 090 |
|
|
|a 355788
|
| 100 |
|
|
|a 20200713d1973 km y0rusy50 ca
|
| 101 |
1 |
|
|a rus
|c eng
|
| 102 |
|
|
|a RU
|
| 105 |
|
|
|a a z 001zy
|
| 200 |
1 |
|
|a Ученые в организациях. Об оптимальных условиях для исследований и разработок
|e пер. с англ.
|f Д. Пельц, Ф. Эндрюс
|g под ред. Д. М. Гвишиани
|
| 210 |
|
|
|a Москва
|c Прогресс
|d 1973
|
| 215 |
|
|
|a 471 с.
|c ил.
|
| 320 |
|
|
|a Библиогр.: с. 465-470
|
| 606 |
1 |
|
|a Учёные
|2 stltpush
|3 (RuTPU)RU\TPU\subj\63498
|9 80522
|
| 606 |
1 |
|
|a Научные исследования
|2 stltpush
|3 (RuTPU)RU\TPU\subj\76141
|9 87512
|
| 610 |
1 |
|
|a научные разработки
|
| 610 |
1 |
|
|a научно-исследовательская деятельность
|
| 610 |
1 |
|
|a оптимальные условия
|
| 610 |
1 |
|
|a коммуникации
|
| 610 |
1 |
|
|a мотивации
|
| 610 |
1 |
|
|a научное творчество
|
| 610 |
1 |
|
|a продуктивность
|
| 610 |
1 |
|
|a научные коллективы
|
| 610 |
1 |
|
|a научные группы
|
| 610 |
1 |
|
|a возраст
|
| 610 |
1 |
|
|a научная продукция
|
| 686 |
|
|
|a Ч216
|v LBC/SL-A
|2 rubbk
|
| 686 |
|
|
|a Ч215
|v LBC/SL-A
|2 rubbk
|
| 700 |
|
1 |
|a Пельц
|b Д.
|g Дональд
|
| 701 |
|
1 |
|a Эндрюс
|b Ф.
|g Френк
|
| 702 |
|
1 |
|a Гвишиани
|b Д. М.
|4 340
|
| 801 |
|
1 |
|a RU
|b 63413507
|c 20200713
|
| 801 |
|
2 |
|a RU
|b 63413507
|c 20210226
|g RCR
|
| 942 |
|
|
|c BK
|